000 00755nam a22002177a 4500
005 20140214151926.0
010 _aENG-108533
020 _a9780198089186
_c650.00
035 _aEN-92066
037 _bDBAD/PUB
082 _a302.230954
245 _aThe hoot reader :
_bmedia practice in twenty- first century india /
_cedited by Sevanti Ninan [and] Subarno Chttarji
260 _aNew Delhi
_bOxford University Press
_c2013
270 _aYMCA Library Building, 1 Jai Singh Road
_bNew Delhi
_e110001
300 _axx, 361p.
_c22cm (pbk)
500 _a Includes bibliographical references and index.
650 _aMass media
_zIndia.
700 _aNinan, Sevanti
700 _aChattarji, Subarno
942 _2ddc
_cEN
_mHOO
_h302.230954
999 _c79361
_d79361